Estadísticas para Países más Occidentales

Haz click aquí para tomar la prueba!

Estadísticas generales

  • Esta prueba ha sido tomada 593 veces
  • La puntuación promedio es 16 de 20

Estadísticas de respuestas

LongitudPaís% Correcto
-179.1Estados Unidos
97%
-141.0Canadá
96%
-109.5Chile
93%
-118.4México
93%
-92.0Ecuador
89%
-81.7Colombia
87%
-83.0Panamá
86%
-92.3Guatemala
85%
-90.3El Salvador
84%
-88.7Honduras
83%
-87.7Nicaragua
83%
-87.1Costa Rica
83%
-180Rusia
80%
-89.2Belice
80%
-174.6Kiribati
71%
-172.8Samoa
69%
-175.6Tonga
67%
-85.0Cuba
67%
-176.4Nueva Zelanda
66%
-180Fiyi
63%

Distribución de puntuación

Porcentaje por número respondido

Porcentaje de gente con cada puntuación

Historial de tus puntuaciones

No has tomado esta prueba